000 02140nam0a2200397 4500
001 RU\NLR\bibl\838921
005 20250614144437.0
010 _a5-7493-0817-0
_9500
021 _aRU
_b2005-46802
_92291
035 _a(NLR Aleph) 000827750
090 _a1341307
_c1341307
100 _a20050909d2005 |||y0rusy50 ca
101 0 _arus
102 _aRU
105 _aac |||||||||
200 1 _aЕсть эхо у войны
_fМ-во культуры Нижегород. обл., Музей-заповедник А.С. Пушкина "Болдино"
_g[сост.: к.ист.н. Ю.А. Жулин, А.С. Чесноков]
210 _aСаранск
_cМузей-заповедник А.С. Пушкина "Болдино"
_d2005
215 _a76, [1] с., [2] л. ил., портр.
_d16
313 _aЧасть книги - о потомках А.С.Пушкина - участниках Великой Отечественной войны
327 1 _aСодерж.: Авт.: Жариков В.Л.; Русаков В.М.; Елесин А.Ф.; Лемаев Н.В.; Чеснов А.С.; Суханова С.; Любаев П.К.; Новиков А.П.; Туршатов Ф.Н.
600 1 _aПушкин
_bА.С.
_f1799 - 1837
_gАлександр Сергеевич
_xРодословная
_92109070
_3RU\NLR\auth\661274792
606 1 _aВеликая Отечественная война
_xХудожественная литература
_z1941 - 1945
_91236970
_3RU\NLR\auth\66187400
686 _aШ6(2=Р)75-5
686 _aШ6(2=Р)75-94
686 _aШ5(2=Р)51-4Пушкин21
702 1 _aЖулин
_bЮ. А.
_4220
712 0 2 _4570
_a"Болдино", государственный литературно-мемориальный и природный музей-заповедник А. С. Пушкина
_cНижегородская обл.
_9547302
_3RU\NLR\AUTH\8810024538
801 0 _aRU
_bNLR
_c20050909
_grcr
801 1 _aRU
_bNLR
_c20050909
942 _cBOOK
980 _aNB
980 _aNBR